Anciens Joueurs Ligue 1 - Statistiques

Statistiques générales
  • Ce quiz a été pris 80 fois
  • Le résultat moyen est 12 sur 16
Statistiques - réponses
Par images Réponse % Correct
Mavuba
93%
Remy
93%
Briand
92%
Toulalan
91%
Hamouma
88%
Hoarau
86%
Capoue
80%
Nene
80%
Martin
77%
Diawara
72%
Belhanda
70%
Fanni
69%
Taiwo
62%
Malbranque
61%
Obraniak
55%
Gouffran
43%
Aucun quiz correspondant
Distribution des résultats
% des personnes avec chaque résultat
Percentile par nombre de réponses
Votre historique - résultats
Vous n’avez pas pris ce quiz